000 01015nam a22003017a 4500
003 CHAP
005 20220329133842.0
008 971013s1980 r 00010 d
010 _a11803
011 _a12775
035 _a16380
040 _cCHAP
082 _a635.93355
_bS3 1980
100 0 0 _aSaumell, Hugo.
_9102748
245 _aGirasol
_b: técnicas actualizadas para su mejoramiento y cultivo
250 _a2 ed.
260 _aBuenos Aires :
_bHemisferio Sur,
_c1980
300 _a161 p.
590 _aBATCH-UPD
_b10
_c20130110
_lUCH01
_h2149
590 _aCONVERSION
_b10
_c20130109
_lUCH01
_h1308
650 1 4 _aGirasol.
_948126
901 _aBK
942 _cLIBRO
949 _a635.93355 S3 1980
_bBC
_cLIBRO
_d33724000658167
_eLIBRO
_fc.3
_h53968
_i16380
_si
949 _a635.93355 S3 1980
_bBC
_cLIBRO
_d33724000754545
_eLIBRO
_h53966
_i16380
_si
949 _a635.93355 S3 1980
_bBC
_cLIBRO
_d33724000920856
_eLIBRO
_fc.2
_h53967
_i16380
_si
949 _a635.93355 S3 1980
_bF
_cLIBRO
_d-28615
_eLIBRO
_h2383
_i16380
_si
999 _c11803
_d11803